<?xml version="1.0" encoding="UTF-8"?>
<record
    xmlns:xsi="http://www.w3.org/2001/XMLSchema-instance"
    xsi:schemaLocation="http://www.loc.gov/MARC21/slim http://www.loc.gov/standards/marcxml/schema/MARC21slim.xsd"
    xmlns="http://www.loc.gov/MARC21/slim">

  <leader>02851nam a2200277 a 4500</leader>
  <controlfield tag="001">000046335</controlfield>
  <controlfield tag="005">20201002052810.0</controlfield>
  <controlfield tag="008">150724s1999    dr ab         000 0 spa d</controlfield>
  <datafield tag="040" ind1=" " ind2=" ">
    <subfield code="a">DO-SdBNP</subfield>
    <subfield code="b">spa</subfield>
    <subfield code="c">BNPHU</subfield>
  </datafield>
  <datafield tag="082" ind1=" " ind2=" ">
    <subfield code="a">xxxx</subfield>
    <subfield code="b">xxxx</subfield>
  </datafield>
  <datafield tag="100" ind1="1" ind2=" ">
    <subfield code="a">Gonz&#xE1;lez, Sarah</subfield>
    <subfield code="9">29274</subfield>
  </datafield>
  <datafield tag="245" ind1="1" ind2="0">
    <subfield code="a">Matem&#xE1;tica :</subfield>
    <subfield code="b">octavo grado /</subfield>
    <subfield code="c">Sarah Gonz&#xE1;lez, Dulce Rodr&#xED;guez, Eduardo Luna ; coordinaci&#xF3;n, diagramaci&#xF3;n Yissel Casado... [et. al.].</subfield>
  </datafield>
  <datafield tag="260" ind1=" " ind2=" ">
    <subfield code="a">Santo Domingo :</subfield>
    <subfield code="b">Secretar&#xED;a de Estado de educaci&#xF3;n y Cultura,</subfield>
    <subfield code="c">1999.</subfield>
  </datafield>
  <datafield tag="300" ind1=" " ind2=" ">
    <subfield code="a">261 p. :</subfield>
    <subfield code="b">il., mapas ;</subfield>
    <subfield code="c">28 cm.</subfield>
  </datafield>
  <datafield tag="490" ind1="1" ind2=" ">
    <subfield code="a">Explora la matem&#xE1;tica</subfield>
  </datafield>
  <datafield tag="505" ind1="0" ind2=" ">
    <subfield code="g">v. 8</subfield>
    <subfield code="t">Los n&#xFA;meros racionales --</subfield>
    <subfield code="t">N&#xFA;meros racionales decimales terminales --</subfield>
    <subfield code="t">N&#xFA;meros racionales. Decimales peri&#xF3;dicos --</subfield>
    <subfield code="t">Expresando n&#xFA;meros racionales en forma decimal y como fracci&#xF3;n com&#xFA;n --</subfield>
    <subfield code="t">N&#xFA;meros irracionales (1) --</subfield>
    <subfield code="t">N&#xFA;meros irracionales (2) --</subfield>
    <subfield code="t">N&#xFA;meros reales --</subfield>
    <subfield code="t">Orden de los n&#xFA;meros resles --</subfield>
    <subfield code="t">Valor absoluto de n&#xFA;mero reales --</subfield>
    <subfield code="t">Propiedades de los n&#xFA;mero reales --</subfield>
    <subfield code="t">Determinando ra&#xED;ces de n&#xFA;mero reales --</subfield>
    <subfield code="t">Multiplicando y dividiendo racionales --</subfield>
    <subfield code="t">Sumando y restando n&#xFA;meros reales --</subfield>
    <subfield code="t">Repaso --</subfield>
    <subfield code="t">Leyendo y escribiendo expresiones matem&#xE1;ticas --</subfield>
    <subfield code="t">Evaluando expresiones matem&#xE1;ticas --</subfield>
    <subfield code="t">Ecuaciones --</subfield>
    <subfield code="t">Resolviendo ecuaciones (1) --</subfield>
    <subfield code="t">Resolviendo ecuaciones (2) --</subfield>
    <subfield code="t">Aplicando las ecuaciones --</subfield>
    <subfield code="t">Inecuaciones --</subfield>
    <subfield code="t">Construyendo figuras en el plano cartesiano --</subfield>
    <subfield code="t">L&#xED;nea de simetr&#xED;a --</subfield>
    <subfield code="t">Transformaciones geom&#xE9;tricas --</subfield>
    <subfield code="t">Embadolsando el plano --</subfield>
    <subfield code="t">Mosaicos --</subfield>
    <subfield code="t">Mosaicos estilo M. C. Esther --</subfield>
    <subfield code="t">Concepto de fractal --</subfield>
    <subfield code="t">Repaso --</subfield>
    <subfield code="t">&#xC1;rea de la superficie de un cilindro --</subfield>
    <subfield code="t">&#xC1;rea de la superficie del cono --</subfield>
    <subfield code="t">Volumen de un cilindro --</subfield>
    <subfield code="t">Volumen de un cono --</subfield>
    <subfield code="t">Superficie y volumen de una esfera --</subfield>
    <subfield code="t">Repaso --</subfield>
    <subfield code="t">Recolectando y organizando datos --</subfield>
    <subfield code="t">Poblaci&#xF3;n y muestra --</subfield>
    <subfield code="t">Construyendo tablas de distribuci&#xF3;n de frecuencias --</subfield>
    <subfield code="t">Histograma --</subfield>
    <subfield code="t">Construyendo e interpretando pol&#xED;gonos de frecuencia --</subfield>
    <subfield code="t">Interpretando y construyendo gr&#xE1;ficos circulares --</subfield>
    <subfield code="t">Interpretando y construyendo gr&#xE1;ficos de tallos y hojas --</subfield>
    <subfield code="t">Construyendo e interpretando gr&#xE1;ficos de cajas con bigotes --</subfield>
    <subfield code="t">Utilizando incorrecta de la estad&#xED;stica --</subfield>
    <subfield code="t">Repaso --</subfield>
    <subfield code="t">Probabilidad te&#xF3;rica --</subfield>
    <subfield code="t">Diagrama de &#xE1;rbol --</subfield>
    <subfield code="t">Probabilidad experimental --</subfield>
    <subfield code="t">Simulaci&#xF3;n --</subfield>
    <subfield code="t">Usando tablas de n&#xFA;meros aleatorios --</subfield>
    <subfield code="t">Resolviendo problemas --</subfield>
    <subfield code="t">Experimentos con etapas m&#xFA;ltiples (1) --</subfield>
    <subfield code="t">Experimentos con etapas m&#xFA;ltiples (2) --</subfield>
    <subfield code="t">Valor esperado --</subfield>
    <subfield code="t">Repaso</subfield>
  </datafield>
  <datafield tag="700" ind1="1" ind2="2">
    <subfield code="a">Casado, Yissel,</subfield>
    <subfield code="e">coord.</subfield>
    <subfield code="9">43308</subfield>
  </datafield>
  <datafield tag="700" ind1="1" ind2="2">
    <subfield code="a">Valdez, Elizabeth,</subfield>
    <subfield code="e">coord.</subfield>
    <subfield code="9">58657</subfield>
  </datafield>
  <datafield tag="700" ind1="1" ind2="2">
    <subfield code="a">B&#xE1;ez Hermes,</subfield>
    <subfield code="e">coord.</subfield>
    <subfield code="9">74359</subfield>
  </datafield>
  <datafield tag="700" ind1="1" ind2="2">
    <subfield code="a">Cedano, Benjam&#xED;n,</subfield>
    <subfield code="e">coord.</subfield>
    <subfield code="9">74360</subfield>
  </datafield>
  <datafield tag="700" ind1="1" ind2="2">
    <subfield code="a">Mart&#xED;nez, Niurka,</subfield>
    <subfield code="e">coord.</subfield>
    <subfield code="9">74361</subfield>
  </datafield>
  <datafield tag="700" ind1="1" ind2="2">
    <subfield code="a">Gonz&#xE1;lez, Sandra,</subfield>
    <subfield code="e">coord.</subfield>
    <subfield code="9">74362</subfield>
  </datafield>
  <datafield tag="700" ind1="1" ind2="2">
    <subfield code="a">Rodr&#xED;guez, Dulce</subfield>
    <subfield code="9">29598</subfield>
  </datafield>
  <datafield tag="700" ind1="1" ind2="2">
    <subfield code="a">Luna, Eduardo</subfield>
    <subfield code="9">25917</subfield>
  </datafield>
  <datafield tag="830" ind1=" " ind2="0">
    <subfield code="a">Explora la matem&#xE1;tica</subfield>
    <subfield code="9">74363</subfield>
  </datafield>
  <datafield tag="952" ind1=" " ind2=" ">
    <subfield code="0">0</subfield>
    <subfield code="1">0</subfield>
    <subfield code="7">-1</subfield>
    <subfield code="8">PD</subfield>
    <subfield code="a">PD</subfield>
    <subfield code="b">PD</subfield>
    <subfield code="c">OI</subfield>
    <subfield code="d">2015-07-24</subfield>
    <subfield code="i">LF1</subfield>
    <subfield code="l">0</subfield>
    <subfield code="o">xxxx xxxx</subfield>
    <subfield code="p">46335-10</subfield>
    <subfield code="r">2020-06-25</subfield>
    <subfield code="w">2020-06-25</subfield>
    <subfield code="y">LFPD</subfield>
    <subfield code="Z">No se presta</subfield>
  </datafield>
  <datafield tag="999" ind1=" " ind2=" ">
    <subfield code="c">45824</subfield>
    <subfield code="d">45824</subfield>
  </datafield>
</record>
